000 00227nam a22001097a 4500
003 SGT
082 _a618.92
_bP86B
100 _aBIRRELL, J.F.
245 _aPEDIATRIC OTOLARYNGOLOGY
260 _aINDIA
_bIOP
_c1986
300 _a268
999 _c14942
_d14942